000 02413cam a22005294i 4500
003 PE-LiUPU
005 20250731165556.0
008 150625s2004 bo a rb 000 0 spa d
020 _a9990577544
035 _a(Sirsi) i9789990577549
040 _aPE-LiUPU
_bspa
_cPE-LiUPU
_erda
049 _aPRUA
082 0 4 _a001.41
_bA45
_221
100 1 _aÁlvarez de Zayas, Carlos M.,
_eautor.
245 1 3 _aLa solución de problemas profesionales :
_bMetodología de la investigación científica /
_cCarlos M. Álvarez de Zayas.
250 _a4a edición.
264 1 _aCochabamba :
_bGrupo Editorial Kipus,
_c2004.
300 _a232 páginas :
_bilustraciones ;
_c24 centímetros
336 _atext
_2rdacontent
337 _aunmediated
_2rdamedia
338 _avolume
_2rdacarrier
500 _a"Glosario" ; p. 211-232.
504 _aIncluye referencias bibliográficas.
505 0 _aLa solución de problemas profesionales -- El proceso de la investigación científica -- La precisión de lo que investigo o componentes de estado del PIC -- Como investigo, o componentes operacionales del PIC -- El desarrollo de la investigación: caracterización del objeto de la investigación y elaboración de los documentos -- Etapa facto-Perceptible del PIC: elaboración del perfil de tesis -- Etapa esencial del PIC: elaboración de modelo teórico del objeto de la investigción -- Etapa final: el regreso a la práctica y el despliegue final de la investigación -- Epistemología del PIC -- Generalización epistemológica del PIC.
526 _aSEG44
526 _aSEG26
526 _aP151
526 _aP150
526 _aP149
526 _aP146
526 _aP145
526 _aP126
526 _aP125
526 _aP92
526 _aP75
526 _aP74
526 _aP27
526 _aP15
650 0 4 _aInvestigación
_xMetodología.
700 1 _aSierra Lombardía, Virginia.
942 _2ddc
_cBOOK
949 _a001.41 A45
_wDEWEY
_c1
_i55597
_d2015-8-20
_e2015-8-19
_lCCODEBUL1
_mBUL
_n1
_r0
_sY
_tBOOK
_u2015-6-25
_xTEOLOGIA
_zUNKNOWN
_0COMPRA
_o.STAFF. Colección General
994 _aC0
_bPEPRU
596 _a1
999 _a001.41 A45
_wDEWEY
_c44464
_i55597
_d44464
_e2015-8-19
_f2021-11-4
_g5
_lCCODEBUL1
_mBUL
_n1
_p15.00
_q1
_r0
_sY
_tBOOK
_u2015-6-25
_xBIBLIOTECA
_PP35
_0COMPRA
_o.STAFF. Colección Teología
980 _81
_gALBERTO SANCHEZ Responsable de Automatización